Every Political Party to Hold a Senate Seat - Statistics

General Stats
  • This quiz has been taken 240 times
  • The average score is 13 of 29
Answer Stats
First Year in Office Last Year in Office Answer % Correct
1837 Present Democrat
100%
1855 Present Republican
99%
1837 1857 Whig
91%
1789 1795 Pro Administration
86%
1795 1825 Federalist
85%
1847* Present* Independent
85%
1935* 1947* Wisconsin Progressive
82%
1795 1825 Democratic Republican
78%
1913* 1915* Bull Moose
73%
1853* 1861* Know Nothing
58%
1891* 1903* Populist
42%
1849* 1857* Free Soil
41%
1973* 1977* New York Conservative
36%
1795 1795 Anti Administration
35%
1863* 1867* Unconditional Unionist
31%
1871* 1875* Liberal Republican
28%
1827 1837 National Republican
28%
1861* 1867* Unionist
28%
1923* 1941* Farmer-Labor
26%
1825 1837 Jacksonian
26%
1893* 1901* Silver
24%
1831* 1837* Nullifier
22%
2002* 2003* Minnesota Independence
19%
1825 1827 Anti-Jacksonian
18%
1846* 1847* Liberty
15%
1881* 1889* Readjuster
12%
1897* 1903* Silver Republican
12%
1843* 1845* Law and Order
9%
1875* 1881* Anti-Monopoly
7%
No matching quizzes found
Score Distribution
Percent of People with Each Score
Percentile by Number Answered
Your Score History
You have not taken this quiz